[Event "Pan American-ch Seniors 50"]
[Site "Lima"]
[Date "2023.04.28"]
[Round "4"]
[White "Iturry Quinonez, Milton"]
[Black "Lacayo, Rene"]
[Result "1/2-1/2"]
[WhiteElo "2234"]
[BlackElo "2272"]
[PlyCount "43"]
[EventDate "2023.04.26"]
[EventType "swiss"]
[EventRounds "9"]
[EventCountry "PER"]
[SourceTitle "CBM 214 Extra"]
[Source "ChessBase"]
[SourceDate "2023.07.31"]
[SourceVersion "1"]
[SourceVersionDate "2023.07.31"]
[SourceQuality "1"]

1. e4 c5 2. Nf3 e6 3. d4 cxd4 4. Nxd4 Nc6 5. Nxc6 bxc6 6. Bd3 Nf6 7. 0-0 d5 8. Nd2 Be7 9. c4 0-0 10. Qc2 h6 11. e5 Nd7 12. Nf3 Bb7 13. Bf4 dxc4 14. Bxc4 Nb6 15. Rfd1 Qc7 16. Bb3 Rfd8 17. Qe2 c5 18. Bc2 Rxd1+ 19. Rxd1 Rd8 20. Rxd8+ Qxd8 21. Qd3 Qxd3 22. Bxd3 1/2-1/2

[Event "Pan American-ch Seniors 50"]
[Site "Lima"]
[Date "2023.04.28"]
[Round "5"]
[White "Lacayo, Rene"]
[Black "Caceres Vasquez, Sergio"]
[Result "1/2-1/2"]
[WhiteElo "2272"]
[BlackElo "2041"]
[PlyCount "29"]
[EventDate "2023.04.26"]
[EventType "swiss"]
[EventRounds "9"]
[EventCountry "PER"]
[SourceTitle "CBM 214 Extra"]
[Source "ChessBase"]
[SourceDate "2023.07.31"]
[SourceVersion "1"]
[SourceVersionDate "2023.07.31"]
[SourceQuality "1"]

1. Nf3 c5 2. c4 Nc6 3. d4 cxd4 4. Nxd4 e6 5. Nc3 Nf6 6. Ndb5 d5 7. cxd5 Nxd5 8. Nxd5 exd5 9. Qxd5 Bb4+ 10. Bd2 Qe7 11. a3 Bxd2+ 12. Qxd2 0-0 13. Nd4 Nxd4 14. Qxd4 Be6 15. e3 1/2-1/2

[Event "Pan American-ch Seniors 50"]
[Site "Lima"]
[Date "2023.04.27"]
[Round "3"]
[White "Lacayo, Rene"]
[Black "Lima, Darcy Gustavo Macha"]
[Result "1/2-1/2"]
[WhiteElo "2272"]
[BlackElo "2445"]
[PlyCount "56"]
[EventDate "2023.04.26"]
[EventType "swiss"]
[EventRounds "9"]
[EventCountry "PER"]
[SourceTitle "CBM 214 Extra"]
[Source "ChessBase"]
[SourceDate "2023.07.31"]
[SourceVersion "1"]
[SourceVersionDate "2023.07.31"]
[SourceQuality "1"]

1. d4 Nf6 2. c4 e6 3. Nf3 b6 4. g3 Bb7 5. Bg2 g6 6. 0-0 Bg7 7. Nc3 Ne4 8. Nxe4 Bxe4 9. Ng5 Bxg2 10. Kxg2 0-0 11. Nf3 Nc6 12. Bg5 Qc8 13. Qd2 Qb7 14. Kg1 Rfe8 15. Rac1 a5 16. Rfd1 d6 17. b3 e5 18. d5 Nd4 19. Nxd4 exd4 20. Re1 Re4 21. f3 Ree8 22. Bh6 Bh8 23. e3 c6 24. dxc6 Qxc6 25. Kg2 dxe3 26. Rxe3 Rxe3 27. Qxe3 Re8 28. Qd2 Re6 1/2-1/2

[Event "NCA-chT final"]
[Site "Managua"]
[Date "2021.10.17"]
[Round "2.2"]
[White "Espinoza, Jose"]
[Black "Lacayo, Rene"]
[Result "1/2-1/2"]
[WhiteElo "2143"]
[BlackElo "2276"]
[PlyCount "64"]
[EventDate "2021.10.16"]
[EventType "team-tourn"]
[EventRounds "11"]
[EventCountry "NCA"]
[SourceTitle "EXT 2023"]
[Source "ChessBase"]
[SourceDate "2022.10.05"]
[SourceVersion "1"]
[SourceVersionDate "2022.10.05"]
[SourceQuality "1"]
[WhiteTeam "Academia Ramirez de Arellano"]
[BlackTeam "Granada"]
[WhiteTeamCountry "NCA"]
[BlackTeamCountry "NCA"]

1. e4 e5 2. Nf3 Nc6 3. d4 exd4 4. Nxd4 Bc5 5. Nb3 Bb6 6. Nc3 a5 7. Nd5 Ba7 8. Qg4 Kf8 9. Qg3 d6 10. Bf4 Nge7 11. Nxc7 Qxc7 12. Bxd6 Qd7 13. 0-0-0 Qe8 14. Bb5 Kg8 15. Nxa5 Bxf2 16. Qxf2 Rxa5 17. Qb6 Rxb5 18. Qxb5 h5 19. Bc7 Qf8 20. Rd2 f6 21. e5 fxe5 22. Rf1 Nf5 23. Bxe5 Qf7 24. b3 Kh7 25. Bc3 Rf8 26. Rdf2 Qg6 27. Qc5 Rf7 28. Kb2 Bd7 29. a4 Nce7 30. Rd1 Bc6 31. a5 h4 32. Rdd2 Nc8 1/2-1/2

[Event "Online Olym Div3 E"]
[Site "Chess.com INT"]
[Date "2021.08.28"]
[Round "5.2"]
[White "Edwards, Emar"]
[Black "Lacayo, Rene"]
[Result "0-1"]
[WhiteElo "1702"]
[BlackElo "2276"]
[PlyCount "86"]
[EventDate "2021.08.27"]
[EventType "team-tourn (rapid)"]
[EventRounds "9"]
[EventCountry "USA"]
[SourceTitle "CBM 204 Extra"]
[Source "ChessBase"]
[SourceDate "2021.11.30"]
[SourceVersion "1"]
[SourceVersionDate "2021.11.30"]
[SourceQuality "1"]
[WhiteTeam "Barbados"]
[BlackTeam "Nicaragua"]
[WhiteTeamCountry "BAR"]
[BlackTeamCountry "NCA"]

1. e4 c5 2. Nc3 Nc6 3. Bb5 Na5 4. Nf3 a6 5. Be2 b5 6. 0-0 Bb7 7. d3 e6 8. Bf4 d6 9. Qd2 Nc6 10. a4 b4 11. Nd1 Nf6 12. Ne3 Be7 13. h3 0-0 14. e5 dxe5 15. Nxe5 Nd4 16. N5c4 Nd5 17. Bg3 Bg5 18. Rfe1 Nf5 19. Bh2 Ndxe3 20. Nxe3 Nxe3 21. fxe3 Qd4 22. exd4 Bxd2 23. Bd6 Bxe1 24. Bxf8 Kxf8 25. Rxe1 cxd4 26. Kf2 Rc8 27. Bd1 Ke7 28. Re5 f5 29. g3 Kd6 30. Re1 e5 31. Re2 e4 32. dxe4 fxe4 33. Ke1 b3 34. cxb3 e3 35. Rc2 d3 36. Rxc8 Bxc8 37. Bf3 Ke5 38. h4 a5 39. Bc6 Bg4 40. Bb5 d2+ 41. Kf1 d1Q+ 42. Kg2 Qf3+ 43. Kh2 Qf2+ 0-1

[Event "NCA-ch final"]
[Site "Managua"]
[Date "2021.03.14"]
[Round "5"]
[White "Salazar Cabezas, Alberto Javier"]
[Black "Lacayo, Rene"]
[Result "0-1"]
[WhiteElo "2107"]
[BlackElo "2282"]
[PlyCount "66"]
[EventDate "2021.03.06"]
[EventType "tourn"]
[EventRounds "11"]
[EventCountry "NCA"]
[SourceTitle "EXT 2022"]
[Source "ChessBase"]
[SourceDate "2021.10.06"]
[SourceVersion "1"]
[SourceVersionDate "2021.10.06"]
[SourceQuality "1"]

1. e4 e5 2. Nf3 Nc6 3. Bc4 Be7 4. c3 Nf6 5. d3 d6 6. a4 0-0 7. Nbd2 Ne8 8. Nf1 Be6 9. Ng3 d5 10. Bb5 f6 11. 0-0 a6 12. Bxc6 bxc6 13. d4 dxe4 14. Nxe4 Bd5 15. Re1 Nd6 16. Nc5 e4 17. Nd2 f5 18. Qe2 Bg5 19. b3 Re8 20. c4 Bf7 21. Nf1 f4 22. Qg4 h5 23. Qh3 Qf6 24. Bb2 Qg6 25. Nd7 f3 26. Ne5 Rxe5 27. dxe5 Be6 28. Qxe6+ Qxe6 29. exd6 Qg4 30. Ng3 e3 31. h3 Qh4 32. Be5 cxd6 33. Bxd6 exf2+ 0-1

[Event "NCA-ch"]
[Site "Managua"]
[Date "2020.03.15"]
[Round "9"]
[White "Flores, Manuel"]
[Black "Lacayo, Rene"]
[Result "0-1"]
[WhiteElo "1922"]
[BlackElo "2269"]
[PlyCount "46"]
[EventDate "2020.02.29"]
[EventType "tourn"]
[EventRounds "11"]
[EventCountry "NCA"]
[SourceTitle "CBM 195 Extra"]
[Source "ChessBase"]
[SourceDate "2020.05.31"]
[SourceVersion "1"]
[SourceVersionDate "2020.05.31"]
[SourceQuality "1"]

1. d4 Nf6 2. c4 e6 3. Nf3 b6 4. Bg5 Bb7 5. Nc3 Be7 6. e3 0-0 7. Bd3 h6 8. Bh4 d5 9. 0-0 Nbd7 10. cxd5 exd5 11. Rc1 c5 12. dxc5 bxc5 13. Bb1 Re8 14. Bg3 Qb6 15. b3 Qe6 16. Nb5 Rec8 17. Nc7 Rxc7 18. Bxc7 a5 19. a4 Qc6 20. Be5 Nxe5 21. Nxe5 Qe6 22. Nd3 Qb6 23. Re1 Bf8 0-1

[Event "NCA-ch"]
[Site "Managua"]
[Date "2020.03.14"]
[Round "7"]
[White "Espinoza Solano, Jose Nahum"]
[Black "Lacayo, Rene"]
[Result "0-1"]
[WhiteElo "2127"]
[BlackElo "2269"]
[PlyCount "58"]
[EventDate "2020.02.29"]
[EventType "tourn"]
[EventRounds "11"]
[EventCountry "NCA"]
[SourceTitle "CBM 195 Extra"]
[Source "ChessBase"]
[SourceDate "2020.05.31"]
[SourceVersion "1"]
[SourceVersionDate "2020.05.31"]
[SourceQuality "1"]

1. e4 c5 2. Nf3 e6 3. d4 cxd4 4. Nxd4 a6 5. c4 Qc7 6. Nc3 Nf6 7. Be2 Be7 8. f4 d6 9. 0-0 Nbd7 10. b4 d5 11. exd5 Bxb4 12. dxe6 Bxc3 13. exd7+ Bxd7 14. Rb1 0-0-0 15. Bb2 Bxb2 16. Rxb2 Qc5 17. Kh1 Bc6 18. Rd2 Ne4 19. Rd3 f5 20. h3 Rxd4 21. Rxd4 Nc3 22. Qd2 Nxe2 23. Rd3 Re8 24. Kh2 g5 25. Rd1 Kb8 26. Rd8+ Rxd8 27. Qxd8+ Ka7 28. Rf1 gxf4 29. Qd3 Qe5 0-1

[Event "NCA-ch"]
[Site "Managua"]
[Date "2020.02.29"]
[Round "1"]
[White "Lacayo, Rene"]
[Black "Rocha, Maximiliano"]
[Result "0-1"]
[WhiteElo "2269"]
[BlackElo "2091"]
[PlyCount "64"]
[EventDate "2020.02.29"]
[EventType "tourn"]
[EventRounds "11"]
[EventCountry "NCA"]
[SourceTitle "CBM 195 Extra"]
[Source "ChessBase"]
[SourceDate "2020.05.31"]
[SourceVersion "1"]
[SourceVersionDate "2020.05.31"]
[SourceQuality "1"]

1. Nf3 Nf6 2. c4 c6 3. g3 d5 4. b3 Bf5 5. Bb2 e6 6. Bg2 h6 7. 0-0 Nbd7 8. d3 Bc5 9. Nbd2 0-0 10. a3 Qe7 11. b4 Bb6 12. cxd5 cxd5 13. Rc1 e5 14. Nh4 Bh7 15. e4 dxe4 16. dxe4 Qe6 17. Nf5 Rad8 18. Qe2 Nxe4 19. Nxg7 Nxg3 20. hxg3 Kxg7 21. Bxb7 Qg6 22. Kg2 Rfe8 23. Nf3 f6 24. Nh4 Qg5 25. Be4 Nf8 26. Rcd1 Ne6 27. Kh3 Nd4 28. Qe1 f5 29. Bg2 Qg4+ 30. Kh2 Kg8 31. Bc1 f4 32. Be4 Bxe4 0-1

[Event "NCA-ch"]
[Site "Managua"]
[Date "2019.03.16"]
[Round "9"]
[White "Picado, Jorge Luis"]
[Black "Lacayo, Rene"]
[Result "1/2-1/2"]
[WhiteElo "2199"]
[BlackElo "2221"]
[PlyCount "104"]
[EventDate "2019.03.02"]
[EventType "tourn"]
[EventRounds "11"]
[EventCountry "NCA"]
[SourceTitle "EXT 2020"]
[Source "ChessBase"]
[SourceDate "2019.10.17"]
[SourceVersion "1"]
[SourceVersionDate "2019.10.17"]
[SourceQuality "1"]

1. e4 e5 2. Nf3 Nc6 3. Bb5 a6 4. Bxc6 dxc6 5. 0-0 Qf6 6. d4 exd4 7. Bg5 Qd6 8. Qxd4 Qxd4 9. Nxd4 Bd7 10. Nc3 Ne7 11. Be3 0-0-0 12. Rad1 Ng6 13. f4 Bb4 14. Nde2 Rhe8 15. a3 Bf8 16. Rd2 c5 17. Ng3 Bc6 18. Rxd8+ Kxd8 19. Rd1+ Kc8 20. Kf2 b6 21. Nd5 Kb7 22. c4 Ba4 23. Rc1 Ne7 24. Nc3 Bb3 25. Nb1 Ba4 26. Nc3 Bb3 27. Nb1 Ba4 28. Rc3 Bd7 29. b3 Nc6 30. Rd3 Kc8 31. Nc3 Nd4 32. Nd5 Bc6 33. Bxd4 cxd4 34. b4 a5 35. Rxd4 axb4 36. axb4 Bxd5 37. cxd5 Kd7 38. e5 Ra8 39. f5 Ra4 40. e6+ Ke8 41. Rc4 Bc5+ 42. Ke2 Rxb4 43. Rxb4 Bxb4 44. exf7+ Kxf7 45. Ne4 Be7 46. g4 h6 47. Kd3 Ke8 48. Kc4 Kd7 49. Kb5 Bd8 50. Kc4 Be7 51. Kb5 Bd8 52. Kc4 Be7 1/2-1/2

[Event "NCA-ch"]
[Site "Managua"]
[Date "2019.03.10"]
[Round "7"]
[White "Espinoza Solano, Jose Nahum"]
[Black "Lacayo, Rene"]
[Result "0-1"]
[WhiteElo "1985"]
[BlackElo "2221"]
[PlyCount "110"]
[EventDate "2019.03.02"]
[EventType "tourn"]
[EventRounds "11"]
[EventCountry "NCA"]
[SourceTitle "EXT 2020"]
[Source "ChessBase"]
[SourceDate "2019.10.17"]
[SourceVersion "1"]
[SourceVersionDate "2019.10.17"]
[SourceQuality "1"]

1. e4 c5 2. Nf3 e6 3. d4 cxd4 4. Nxd4 a6 5. c4 Nf6 6. Nc3 Bb4 7. Qd3 Qc7 8. f4 d5 9. exd5 exd5 10. Nc2 Bxc3+ 11. bxc3 0-0 12. cxd5 Re8+ 13. Be2 Bg4 14. Nd4 Nxd5 15. 0-0 Bxe2 16. Nxe2 Qc5+ 17. Kh1 Nc6 18. Rb1 b5 19. Bd2 Rad8 20. Nd4 Nxc3 21. Bxc3 Nxd4 22. Rbd1 Ne6 23. Qg3 Qf5 24. Rde1 f6 25. Re3 Nc5 26. Rfe1 Rxe3 27. Qxe3 h5 28. h3 Kh7 29. Qe7 Rd7 30. Qe8 Nd3 31. Re3 Nxf4 32. Rg3 Rd1+ 33. Kh2 Ng6 34. Qe2 Rf1 35. Be1 h4 36. Rg4 Qe5+ 37. Qxe5 fxe5 38. Bxh4 Ra1 39. Bg3 Rxa2 40. h4 Ra4 41. Rg5 Kh6 42. Rf5 Re4 43. h5 Ne7 44. Rf7 Nc6 45. Rb7 Kxh5 46. Rb6 Nb4 47. Kg1 Kg5 48. Kf1 Kf5 49. Be1 Rc4 50. Bd2 g6 51. Ke2 Rc6 52. Rb8 Nd5 53. Rf8+ Ke4 54. Re8 b4 55. g4 b3 0-1

[Event "NCA-chT final"]
[Site "Managua"]
[Date "2018.11.04"]
[Round "5.1"]
[White "Bravo, William"]
[Black "Lacayo, Rene"]
[Result "1/2-1/2"]
[WhiteElo "2168"]
[BlackElo "2228"]
[PlyCount "41"]
[EventDate "2018.10.27"]
[EventType "team-tourn"]
[EventRounds "11"]
[EventCountry "NCA"]
[SourceTitle "EXT 2020"]
[Source "ChessBase"]
[SourceDate "2019.10.17"]
[SourceVersion "1"]
[SourceVersionDate "2019.10.17"]
[SourceQuality "1"]

1. d4 d5 2. c4 e6 3. Nc3 c6 4. Nf3 dxc4 5. e3 b5 6. a4 Bb4 7. Bd2 a5 8. axb5 Bxc3 9. Bxc3 cxb5 10. b3 Bb7 11. d5 Nf6 12. bxc4 b4 13. Bxf6 Qxf6 14. Qa4+ Kf8 15. Nd4 exd5 16. Qb5 Bc6 17. Qb6 Be8 18. Qc5+ Qe7 19. Qxd5 Ra6 20. Rxa5 b3 21. Nxb3 1/2-1/2

[Event "Olympiad-43"]
[Site "Batumi"]
[Date "2018.10.04"]
[Round "10.1"]
[White "Lacayo, Rene"]
[Black "Cofre Archibold, Nestor"]
[Result "0-1"]
[WhiteElo "2228"]
[BlackElo "2346"]
[PlyCount "104"]
[EventDate "2018.09.24"]
[EventType "team-swiss"]
[EventRounds "11"]
[EventCountry "GEO"]
[SourceTitle "CBM 187"]
[Source "ChessBase"]
[SourceDate "2018.12.11"]
[SourceVersion "1"]
[SourceVersionDate "2018.12.11"]
[SourceQuality "1"]
[WhiteTeam "Nicaragua"]
[BlackTeam "Mexico"]
[WhiteTeamCountry "NCA"]
[BlackTeamCountry "MEX"]

1. Nf3 c5 2. g3 g6 3. Bg2 Bg7 4. 0-0 Nc6 5. c4 e6 6. d3 Nge7 7. Nbd2 d5 8. a3 0-0 9. Rb1 a5 10. b3 b6 11. Bb2 d4 12. Ne1 Rb8 13. Nc2 b5 14. Ne4 Qb6 15. Nd6 Ba6 16. a4 bxa4 17. bxa4 Nb4 18. Nb5 Bb7 19. Na1 f5 20. Nb3 Bxg2 21. Kxg2 e5 22. Bc1 h6 23. Kg1 g5 24. e3 Ng6 25. Bd2 Rbe8 26. Bxb4 axb4 27. a5 Qc6 28. e4 fxe4 29. dxe4 Qxe4 30. Nd6 Qc6 31. Nxe8 Rxe8 32. f3 g4 33. f4 exf4 34. gxf4 h5 35. Nd2 d3 36. Nb3 Nh4 37. Rf2 Re3 38. Qf1 Nf3+ 39. Rxf3 Rxf3 40. Qg2 Qe4 41. Nd2 Qd4+ 42. Kh1 Rf2 43. Qa8+ Kh7 44. Ne4 Rxf4 45. Ng5+ Kg6 46. Ne6 Qe4+ 47. Qxe4+ Rxe4 48. Nxc5 Rd4 49. Rd1 d2 50. Nb3 Rd3 51. Nxd2 b3 52. a6 b2 0-1

[Event "Olympiad-43"]
[Site "Batumi"]
[Date "2018.09.28"]
[Round "5.51"]
[White "Munoz Santana, Jose Lisandro"]
[Black "Lacayo, Rene"]
[Result "1-0"]
[WhiteElo "2434"]
[BlackElo "2228"]
[PlyCount "109"]
[EventDate "2018.09.24"]
[EventType "team-swiss"]
[EventRounds "11"]
[EventCountry "GEO"]
[SourceTitle "CBM 187"]
[Source "ChessBase"]
[SourceDate "2018.12.11"]
[SourceVersion "1"]
[SourceVersionDate "2018.12.11"]
[SourceQuality "1"]
[WhiteTeam "Dominican Republic"]
[BlackTeam "Nicaragua"]
[WhiteTeamCountry "DOM"]
[BlackTeamCountry "NCA"]

1. c4 e6 2. Nf3 d5 3. g3 c6 4. Bg2 Nf6 5. 0-0 Nbd7 6. d4 Be7 7. Qc2 0-0 8. Rd1 b6 9. Nc3 Bb7 10. b3 Rc8 11. e4 c5 12. exd5 exd5 13. Be3 Re8 14. Ne5 Nf8 15. dxc5 Bxc5 16. Bxc5 Rxc5 17. Nd3 Rc7 18. Nf4 d4 19. Nb5 Bxg2 20. Rxd4 Be4 21. Rxd8 Bxc2 22. Rxe8 Nxe8 23. Rc1 Bf5 24. Nxc7 Nxc7 25. Nd5 Nxd5 26. cxd5 g5 27. Rc7 a5 28. f3 Kg7 29. Rb7 Bb1 30. a3 Ba2 31. d6 Bxb3 32. d7 Nxd7 33. Rxd7 b5 34. Kf2 Kf6 35. Ke3 Ke5 36. Rb7 Bc4 37. Rb6 Kd5 38. Rf6 Ke5 39. Rh6 b4 40. axb4 axb4 41. Rxh7 b3 42. Rh8 Be6 43. Rb8 Kf5 44. Kd4 Kf6 45. Rb5 Kg6 46. Kc3 Kf6 47. Rxb3 Bxb3 48. Kxb3 Ke5 49. Kc4 f5 50. Kd3 f4 51. g4 Kd5 52. h3 Kc5 53. Ke4 Kc4 54. h4 gxh4 55. Kxf4 1-0

[Event "Olympiad-43"]
[Site "Batumi"]
[Date "2018.09.24"]
[Round "1.20"]
[White "Parligras, Mircea Emilian"]
[Black "Lacayo, Rene"]
[Result "1-0"]
[WhiteElo "2623"]
[BlackElo "2228"]
[PlyCount "87"]
[EventDate "2018.09.24"]
[EventType "team-swiss"]
[EventRounds "11"]
[EventCountry "GEO"]
[SourceTitle "CBM 187"]
[Source "ChessBase"]
[SourceDate "2018.12.11"]
[SourceVersion "1"]
[SourceVersionDate "2018.12.11"]
[SourceQuality "1"]
[WhiteTeam "Romania"]
[BlackTeam "Nicaragua"]
[WhiteTeamCountry "ROU"]
[BlackTeamCountry "NCA"]

1. d4 d5 2. c4 e6 3. Nf3 c6 4. e3 Nf6 5. Bd3 Nbd7 6. 0-0 Bd6 7. Nc3 0-0 8. e4 dxe4 9. Nxe4 Nxe4 10. Bxe4 f5 11. Bc2 e5 12. c5 Be7 13. Nxe5 Nxe5 14. dxe5 Bxc5 15. Bb3+ Kh8 16. Bf4 Qe7 17. Qc1 Bd4 18. e6 c5 19. Re1 a5 20. Be5 Ra6 21. Bc4 b5 22. Bxb5 Rxe6 23. Bxd4 cxd4 24. Qd2 Qc5 25. a4 Rg6 26. Be8 Re6 27. Rac1 Qe7 28. Bb5 Qa7 29. Qf4 Rxe1+ 30. Rxe1 Qc5 31. Qe5 Qb4 32. Rc1 d3 33. Rc7 Qg4 34. Bxd3 h6 35. h3 Qg5 36. Qxa5 Rd8 37. Qe5 Rxd3 38. Rxc8+ Kh7 39. g3 h5 40. Rc5 h4 41. Qxf5+ Qxf5 42. Rxf5 hxg3 43. fxg3 Rxg3+ 44. Kh2 1-0

[Event "Guillermo Garcia Memorial-B 27th"]
[Site "Santa Clara"]
[Date "2018.05.28"]
[Round "6"]
[White "Lacayo, Rene"]
[Black "Miranda Mesa, Elier"]
[Result "0-1"]
[WhiteElo "2265"]
[BlackElo "2438"]
[PlyCount "75"]
[EventDate "2018.05.22"]
[EventType "tourn"]
[EventRounds "9"]
[EventCountry "CUB"]
[EventCategory "8"]
[SourceTitle "CBM 184 Extra"]
[Source "ChessBase"]
[SourceDate "2018.06.28"]
[SourceVersion "1"]
[SourceVersionDate "2018.06.28"]
[SourceQuality "1"]

1. d4 d5 2. c4 c6 3. cxd5 cxd5 4. Nc3 Nf6 5. Bf4 Nc6 6. e3 a6 7. Nf3 Bg4 8. Be2 e6 9. 0-0 Be7 10. Ne1 Bf5 11. Rc1 0-0 12. Nd3 Nd7 13. Na4 Bxd3 14. Bxd3 Rc8 15. a3 b5 16. Nc5 Nxc5 17. dxc5 e5 18. Bg3 e4 19. Be2 d4 20. exd4 Nxd4 21. Be5 Bxc5 22. b4 Bb6 23. Rxc8 Nxe2+ 24. Qxe2 Qxc8 25. Qxe4 Re8 26. Qf4 f6 27. Ba1 Qc2 28. g3 Qd3 29. Qg4 Kf8 30. Qd1 Rd8 31. Qc1 Qf3 32. Qc2 Re8 33. Qc3 Qxc3 34. Bxc3 Re2 35. Rd1 Bxf2+ 36. Kf1 Ra2 37. Rd6 Rxa3 38. Bb2 0-1

[Event "Guillermo Garcia Memorial-B 27th"]
[Site "Santa Clara"]
[Date "2018.05.26"]
[Round "5"]
[White "Espinosa Veloz, Ermes"]
[Black "Lacayo, Rene"]
[Result "1-0"]
[WhiteElo "2544"]
[BlackElo "2265"]
[PlyCount "69"]
[EventDate "2018.05.22"]
[EventType "tourn"]
[EventRounds "9"]
[EventCountry "CUB"]
[EventCategory "8"]
[SourceTitle "CBM 184 Extra"]
[Source "ChessBase"]
[SourceDate "2018.06.28"]
[SourceVersion "1"]
[SourceVersionDate "2018.06.28"]
[SourceQuality "1"]

1. e4 c5 2. Nf3 e6 3. d4 cxd4 4. Nxd4 Nc6 5. Nc3 Qc7 6. Be3 a6 7. Qf3 Nf6 8. 0-0-0 Be7 9. Be2 0-0 10. Qg3 d6 11. f4 Bd7 12. Kb1 b5 13. Bd3 b4 14. Nce2 Nxd4 15. Nxd4 d5 16. e5 Ne4 17. Qf3 Nc5 18. Qh5 Nxd3 19. cxd3 b3 20. Nxb3 Rab8 21. Rc1 Qb7 22. Qe2 Bb5 23. Bc5 Bxc5 24. Nxc5 Qb6 25. Qd2 d4 26. Rc2 Rbc8 27. Rhc1 a5 28. Ka1 Rcd8 29. Ne4 Qa6 30. Nd6 Ra8 31. Rc7 h6 32. Qf2 Rab8 33. Qxd4 Bxd3 34. R7c6 Rb4 35. Qe3 1-0

[Event "NCA-ch"]
[Site "Managua"]
[Date "2018.03.11"]
[Round "7"]
[White "Lacayo, Rene"]
[Black "Castillo, Rommel"]
[Result "1-0"]
[WhiteElo "2234"]
[BlackElo "2086"]
[PlyCount "123"]
[EventDate "2018.03.03"]
[EventType "tourn"]
[EventRounds "11"]
[EventCountry "NCA"]
[SourceTitle "EXT 2019"]
[Source "ChessBase"]
[SourceDate "2018.10.10"]
[SourceVersion "1"]
[SourceVersionDate "2018.10.10"]
[SourceQuality "1"]

1. d4 d5 2. c4 c6 3. Nc3 Nf6 4. e3 g6 5. Nf3 Bg7 6. Bd3 0-0 7. 0-0 Bf5 8. Bxf5 gxf5 9. cxd5 cxd5 10. Qb3 b6 11. Ne5 e6 12. Ne2 Nbd7 13. Nd3 Kh8 14. Bd2 Rg8 15. Nef4 Ne4 16. Bb4 a5 17. Be1 Rc8 18. Qd1 Bf6 19. f3 Nd6 20. Bg3 Nc4 21. Qe2 b5 22. Rfc1 Qb6 23. Kh1 b4 24. Nh5 Bg5 25. Bf4 h6 26. Rd1 Rg6 27. Rac1 Rcg8 28. g3 Be7 29. Rc2 a4 30. b3 axb3 31. axb3 Nd6 32. Rdc1 Nb5 33. Be5+ f6 34. Bc7 Qb7 35. Nhf4 Nc3 36. Nxg6+ Rxg6 37. Rxc3 bxc3 38. Rxc3 Qa6 39. Kg2 e5 40. Nf4 Qxe2+ 41. Nxe2 Rg8 42. Ba5 Ra8 43. b4 Ra7 44. Nc1 Rb7 45. Nd3 Kg7 46. Rc7 Rxc7 47. Bxc7 Kf7 48. Nc5 Ke8 49. Kf2 Bf8 50. Ke2 h5 51. Kd3 Be7 52. Kc3 Bf8 53. Nd3 Bh6 54. f4 Nf8 55. dxe5 Kd7 56. Bd6 fxe5 57. Bxe5 Ne6 58. b5 Bf8 59. Nb4 Bxb4+ 60. Kxb4 Kc8 61. b6 Kb7 62. Kb5 1-0